| 000 | 00339nam a22001337a 4500 | ||
|---|---|---|---|
| 020 | _a81-8494-020-3 | ||
| 082 |
_a894.812 _bSHA/A |
||
| 100 | _aS.SHANTI | ||
| 245 | _aANNYAM NINNA JEEVIKAL | ||
| 260 |
_aTHIRUVANANTHAPURAM _bKERALA STATE INSTITUTE OF CHILDREN'S LITERATURE |
||
| 300 | _a84 | ||
| 650 |
_aEXTINCT SPECIES _zKERALA |
||
| 942 | _cBK | ||
| 999 |
_c1120 _d1120 |
||